• 首页
  • 本馆介绍
  • 公告通知
  • 最新文献
  • 馆藏检索
  • 电子资源
  • 读者导购
  • 参考咨询
  • 我的图书馆
  • 登录
  • 详细信息显示
  • 放入我的书架
  • 预约/预借图书
  • 作者相关作品
  • 分类相关作品
  • 丛书相关作品
  • 出版社相关作品

书目信息

  • 表格格式
  • 工作单格式
  • 卡片格式
题名:
全国重点高等院校介绍
    
 
作者: ;科学普及出版社 编
分册:  
出版信息: 北京   科学普及出版社  1982
页数: 188页
开本: 19cm
丛书名:
单 册:
中图分类: G649.28 , G523
科图分类:
主题词: 高等学校--简介--中国
电子资源:
ISBN:
000 00700nam0 2200241 45
001 0182001846
005 20060909145010.73
010    @dCNY0.76
091    @a7015.1005
100    @a19950629d1982 em y0chiy0121 ea
101 0  @achi
102    @aCN@b110000
105    @af z 000yy
200 10 @a全国重点高等院校介绍@Aquan guo zhong dian gao deng yuan xiao jie shao@f科学普及出版社编
210    @a北京@c科学普及出版社@d1982
215    @a188页@c照片@d19cm
606    @a高等学校@x简介@y中国
690    @aG649.28@v3
690    @aG523
711 02 @a科学普及出版社@Ake xue pu ji chu ban she@4编
801  2 @aCN@bNLC@c20060909
801  0 @aCN@b上海图书馆@c20040424
905    @f4@b73046-049@dG523@e96
    
    全国重点高等院校介绍/科学普及出版社编.-北京:科学普及出版社,1982
    188页:照片;19cm
    
    
    ISBN :CNY0.76
    
●
相关链接 在E读中查询图书 在五车中查询图书 在当当中查询图书 在豆瓣中查询图书


正题名:全国重点高等院校介绍     索取号:G523/96         预约/预借

序号 登录号 条形码 馆藏地/架位号 状态 备注
1 0073046   000462993   密集书库/ [索取号:G523/96] 在馆    
2 0073047   000215378   密集书库/ [索取号:G523/96] 在馆    
3 0073048   000463046   密集书库/ [索取号:G523/96] 在馆    
4 0073049   000463000   密集书库/ [索取号:G523/96] 在馆    
5 0471696   204716968   密集书库/ [索取号:G523/96] 在馆    
唐山师范学院图书馆 欢迎您!
大连网信软件有限公司© 版权所有